• 首页
  • 本馆介绍
  • 公告通知
  • 最新文献
  • 馆藏检索
  • 电子资源
  • 读者导购
  • 参考咨询
  • 我的图书馆
  • 登录
  • 详细信息显示
  • 放入我的书架
  • 预约/预借图书
  • 作者相关作品
  • 分类相关作品
  • 丛书相关作品
  • 出版社相关作品

书目信息

  • 表格格式
  • 工作单格式
  • 卡片格式
题名:
中国当代散文诗
    
 
作者: 赵宏兴 主编
分册:  
出版信息: 北京   中国书籍出版社  2016
页数: 251页
开本: 23cm
丛书名:
单 册:
中图分类: I227.6
科图分类:
主题词: 散文诗--san wen shi--诗集--中国--当代
电子资源:
ISBN: 978-7-5068-5551-8
000 00745nam0 22002291 450
001 0122100942
005 20170322100942.0
010    @a978-7-5068-5551-8@b精装@dCNY45.00
100    @a20160906d2016 em y0chiy50 ea
101 0  @achi
102    @aCN@b110000
105    @ay z 000gy
106    @ar
200 1  @a中国当代散文诗@9zhong guo dang dai san wen shi@e2016@f赵宏兴主编
210    @a北京@c中国书籍出版社@d2016
215    @a251页@d23cm
330    @a本书主要包括:你是我心底的那一缕光、燃烧的远方、没有记忆的记忆、独白、日子的正反面等。
606 0  @a散文诗@9san wen shi@x诗集@y中国@z当代
690    @aI227.6@v5
701  0 @a赵宏兴@9zhao hong xing@f(1967~)@4主编
801  0 @aCN@bTANGWEI@c20170308
905    @b0961102-5@dI227.6@e436@f4
    
    中国当代散文诗:2016/赵宏兴主编.-北京:中国书籍出版社,2016
    251页;23cm
    
    
    ISBN 978-7-5068-5551-8(精装):CNY45.00
    本书主要包括:你是我心底的那一缕光、燃烧的远方、没有记忆的记忆、独白、日子的正反面等。
●
相关链接 在E读中查询图书 在五车中查询图书 在当当中查询图书 在豆瓣中查询图书


正题名:中国当代散文诗     索取号:I227.6/436         预约/预借

序号 登录号 条形码 馆藏地/架位号 状态 备注
1 0961102   209611026   第一样本阅览室/ [索取号:I227.6/436] 在馆    
2 0961103   209611035   第二借阅区/ [索取号:I227.6/436] 在馆    
3 0961104   209611044   第二借阅区/ [索取号:I227.6/436] 在馆    
4 0961105   209611053   第二借阅区/ [索取号:I227.6/436] 在馆    
唐山师范学院图书馆 欢迎您!
大连网信软件有限公司© 版权所有